|
|
|
|
| LEADER |
00000cam a2200000 a 4500 |
| 001 |
vtls001101660 |
| 003 |
SK-MaSNL |
| 005 |
20260301183244.0 |
| 008 |
250313s1981 xo a e n 000 0 slo |
| 015 |
|
|
|a SNBA1981
|
| 020 |
|
|
|q (brož).
|
| 035 |
|
|
|a SNK000044502
|
| 035 |
|
|
|a urn:nbn:sk:snk-amked2
|
| 035 |
|
|
|a urn:nbn:sk:snk-am008c65
|
| 035 |
|
|
|a D7CE1C24-E3E0-4C92-BE63-7A9B46E92905
|
| 040 |
|
|
|a SNK
|b slo
|c SNK
|e AACR2
|
| 041 |
0 |
|
|a slo
|
| 044 |
|
|
|a xo
|c SK
|
| 080 |
|
|
|a 621.74+621.77+621.791(075.8)
|2 1981
|
| 080 |
|
|
|a 621.77
|2 1981
|
| 080 |
|
|
|a 621.791(075.8)
|2 1981
|
| 080 |
|
|
|a 621.77(075.8)
|2 1981
|
| 080 |
|
|
|a 669(075.8)
|2 1981
|
| 100 |
1 |
|
|a Bačová, Viera,
|d 1946-
|4 aut
|9 40673
|
| 245 |
1 |
0 |
|a Návody k cvičeniam z predmetu strojárska metalurgia
|c Viera Bačová
|
| 250 |
|
|
|a 2. vyd.
|
| 260 |
|
|
|a Bratislava
|b Alfa
|c 1981
|
| 300 |
|
|
|a 81 s.
|b sch., tab.
|c 29 cm
|
| 366 |
|
|
|e 500 výt.
|
| 500 |
|
|
|a Vydané pre VŠT v Košiciach
|
| 504 |
|
|
|a Bibliogr. odkazy
|
| 650 |
0 |
7 |
|a strojárstvo
|2 SNKPH
|9 674
|
| 650 |
0 |
7 |
|a metalurgia
|2 SNKPH
|9 941
|
| 655 |
|
7 |
|a učebnice vysokých škôl
|2 SNKPH
|9 70191
|
| 655 |
|
7 |
|a praktické cvičenia
|2 SNKPH
|9 70517
|
| 852 |
|
|
|a Slovenská národná knižnica
|
| 958 |
|
|
|a OND
|
| 958 |
|
|
|a NB
|
| 999 |
|
|
|c 856342
|d 858272
|
| 952 |
|
|
|a SNK
|b SNK
|y PREZ
|7 0
|p 17A1000981
|o snkSB 31614
|i snkKSP 2875/81
|0 0
|1 0
|4 0
|d 2014-10-22
|f 1
|l 0
|r 2025-04-07 00:00:00
|w 2026-02-24
|
| 952 |
|
|
|a SNK
|b SNK
|y VYP
|7 0
|o snkSB 31614 D1
|i snkKSP 2876/81
|0 0
|1 0
|4 0
|d 2014-10-22
|l 0
|r 2026-02-24 04:57:09
|w 2026-02-24
|